[Event "27. Schweinfurt Open"]
[Site "Schweinfurt"]
[Date "2017.06.15"]
[Round "2.1"]
[White "Wiener, Horst"]
[Black "Ziegler, Michael"]
[Result "1/2-1/2"]
[WhiteElo "1945"]
[BlackElo "2126"]
[PlyCount "83"]
[EventDate "2017.??.??"]
[WhiteTeam "SK Schweinfurt"]
[BlackTeam "SC Prichsenstadt"]

1. d4 Nf6 2. Nf3 g6 3. g3 Bg7 4. Bg2 d5 5. c4 c6 6. b3 O-O 7. O-O Bf5 8. Bb2
Ne4 9. Nbd2 Qa5 10. Qc1 Rd8 11. e3 Nd7 12. Nxe4 Bxe4 13. Nd2 Bxg2 14. Kxg2 Rac8
15. Bc3 Qa6 16. Qb2 Nb6 17. c5 Nd7 18. Nf3 b6 19. cxb6 axb6 20. Rfc1 e6 21. Rc2
Bf8 22. a4 c5 23. Rac1 Qa8 24. Be1 Bg7 25. Bc3 c4 26. Bb4 Qa6 27. Qa3 Rc6 28.
bxc4 dxc4 29. Nd2 Rdc8 30. Ne4 Ra8 31. Nc3 h5 32. f3 Nf6 33. e4 Rcc8 34. Rd1
Rd8 35. d5 exd5 36. exd5 Qb7 37. Rcd2 Qd7 38. Be7 Re8 39. Bxf6 Bxf6 40. Ne4 Bg7
41. Qb4 c3 42. Nxc3 1/2-1/2

[Event "27. Schweinfurt Open"]
[Site "Schweinfurt"]
[Date "2017.06.15"]
[Round "2.2"]
[White "von Zimmermann, Georg"]
[Black "Feichtner, Erich"]
[Result "1-0"]
[WhiteElo "2111"]
[BlackElo "1929"]
[PlyCount "47"]
[EventDate "2017.??.??"]
[WhiteTeam "MSA Zugzwang"]
[BlackTeam "SK Schweinfurt"]

1. e4 e5 2. Nc3 Nf6 3. g3 d5 4. exd5 Nxd5 5. Bg2 c6 6. Qe2 f6 7. Nxd5 cxd5 8.
Qb5+ Bd7 9. Qxd5 Nc6 10. Ne2 Qe7 11. O-O O-O-O 12. Qb5 e4 13. d3 Ne5 14. Qa5
Bg4 15. Nc3 Nf3+ 16. Kh1 exd3 17. cxd3 g5 18. Qxa7 h5 19. Qa8+ Kc7 20. Nb5+ Kc6
21. Qa4 Qb4 22. Nd4+ Kd5 23. Qxb4 Bxb4 24. Nxf3 1-0

[Event "27. Schweinfurt Open"]
[Site "Schweinfurt"]
[Date "2017.06.15"]
[Round "2.3"]
[White "Krenz, Dieter"]
[Black "Weise, Martin"]
[Result "0-1"]
[WhiteElo "1902"]
[BlackElo "2109"]
[PlyCount "80"]
[EventDate "2017.??.??"]
[WhiteTeam "SC Prichsenstadt"]
[BlackTeam "SC Fulda"]

1. e4 e6 2. Nf3 d5 3. e5 Bd7 4. d4 c5 5. c3 Nc6 6. Be2 Nge7 7. O-O Nf5 8. Be3
Rc8 9. Nbd2 cxd4 10. Bxd4 Be7 11. Rc1 Ncxd4 12. cxd4 Rxc1 13. Qxc1 Qb6 14. Qc3
O-O 15. g4 Rc8 16. Qd3 Nh4 17. Nxh4 Bxh4 18. Nb3 Be7 19. Rb1 g6 20. Qe3 Ba4 21.
Bd1 Rc4 22. Nd2 Rxd4 23. Bxa4 Rxg4+ 24. Kh1 Qxe3 25. fxe3 Rxa4 26. a3 Bc5 27.
Rc1 Bxe3 28. Rc8+ Kg7 29. Nf3 Rc4 30. Rb8 Rc1+ 31. Kg2 Rc2+ 32. Kg3 Rxb2 33. a4
Ra2 34. Rxb7 Rxa4 35. Ne1 Bf4+ 36. Kh3 Ra3+ 37. Kg4 Bxe5 38. Rd7 h5+ 39. Kg5
Bf6+ 40. Kf4 e5# 0-1

[Event "27. Schweinfurt Open"]
[Site "Schweinfurt"]
[Date "2017.06.15"]
[Round "2.4"]
[White "Bardorz, Christoph"]
[Black "Kuhn, Norbert"]
[Result "0-1"]
[WhiteElo "1870"]
[BlackElo "2059"]
[PlyCount "44"]
[EventDate "2017.??.??"]
[WhiteTeam "TSV Rottendorf"]
[BlackTeam "SV Würzburg"]

1. e4 e6 2. d4 d5 3. Nd2 c5 4. exd5 exd5 5. Bb5+ Nc6 6. Ngf3 Bd6 7. Qe2+ Nge7
8. dxc5 Bxc5 9. Nb3 Bd6 10. O-O Bg4 11. h3 Bh5 12. g4 Bg6 13. Ne5 O-O 14. Nxg6
Nxg6 15. Be3 Qh4 16. Kg2 Rfe8 17. Qd2 Re5 18. Bxc6 bxc6 19. Nd4 Re4 20. Nf5
Rxg4+ 21. hxg4 Qxg4+ 22. Ng3 Nh4+ 0-1

[Event "27. Schweinfurt Open"]
[Site "Schweinfurt"]
[Date "2017.06.15"]
[Round "2.5"]
[White "Brodt, Andreas"]
[Black "Maar, Samuel"]
[Result "0-1"]
[WhiteElo "1839"]
[BlackElo "2048"]
[PlyCount "126"]
[EventDate "2017.??.??"]
[WhiteTeam "SK Schweinfurt"]
[BlackTeam "Bad Emstal"]

1. d4 Nf6 2. Nf3 g6 3. c4 Bg7 4. Nc3 O-O 5. e4 d6 6. Be2 c6 7. h3 e5 8. dxe5
dxe5 9. Qxd8 Rxd8 10. Bg5 Re8 11. g4 Nbd7 12. Be3 Nf8 13. Rd1 Ne6 14. Bd3 Nf4
15. Kf1 Nxd3 16. Rxd3 Be6 17. b3 a5 18. Nd2 Red8 19. Rxd8+ Rxd8 20. Ke2 Nd7 21.
Na4 f5 22. f3 f4 23. Bf2 b5 24. cxb5 cxb5 25. Nc3 b4 26. Nb5 Rc8 27. a4 Rc2 28.
Rb1 Bf8 29. Kd1 Rc6 30. Rc1 Rxc1+ 31. Kxc1 Bc5 32. Bxc5 Nxc5 33. Kc2 Kf7 34.
Nc7 g5 35. Na8 Kf6 36. Nb6 h6 37. Nbc4 Nb7 38. Kd1 Bf7 39. Ke2 Be6 40. Kd1 Bf7
41. Kc2 Be6 42. Nb6 Ke7 43. Nbc4 Kf6 44. Nb2 Nd8 45. Nd3 Nc6 46. Nc5 Nd4+ 47.
Kd3 Bf7 48. Nd7+ Ke6 49. Nc5+ Kf6 50. Nb7 Nxb3 51. Nxb3 Bxb3 52. Nxa5 Bxa4 53.
Kd2 Ke6 54. Ke1 Kd6 55. Nc4+ Kc6 56. Nd2 Bb5 57. Kd1 Kd6 58. Kc1 Kc5 59. Nb3+
Kc4 60. Na5+ Kc3 61. Nb7 b3 62. Nc5 b2+ 63. Kb1 Be8 0-1

[Event "27. Schweinfurt Open"]
[Site "Schweinfurt"]
[Date "2017.06.15"]
[Round "2.6"]
[White "Helgert, Johannes"]
[Black "Blank, Stefan"]
[Result "1-0"]
[WhiteElo "2045"]
[BlackElo "1880"]
[PlyCount "71"]
[EventDate "2017.??.??"]
[WhiteTeam "SV Würzburg"]
[BlackTeam "SC Sulzbach"]

1. d4 Nf6 2. c4 c5 3. d5 b5 4. cxb5 a6 5. f3 d6 6. e4 g6 7. Na3 Bg7 8. Ne2 O-O
9. Nc3 Nfd7 10. Be2 axb5 11. Naxb5 Na6 12. Bg5 h6 13. Bh4 g5 14. Bf2 f5 15.
exf5 Rxf5 16. g4 Rf7 17. h4 Ne5 18. hxg5 hxg5 19. Be3 Bf6 20. Rh5 Rg7 21. Qd2
Nb4 22. Kf2 Qf8 23. Kg2 Ng6 24. Rah1 Nxa2 25. Ne4 Nh4+ 26. R1xh4 gxh4 27. Bh6
Qf7 28. Bxg7 Qxg7 29. Nc7 Rb8 30. Ne8 Qg6 31. N8xf6+ exf6 32. Rh6 Qg7 33. Nxf6+
Kf8 34. Qf4 h3+ 35. Kxh3 Rxb2 36. Qxd6+ 1-0

[Event "27. Schweinfurt Open"]
[Site "Schweinfurt"]
[Date "2017.06.15"]
[Round "2.7"]
[White "Hohner, Karl-Heinz"]
[Black "Müller, Lutz"]
[Result "1/2-1/2"]
[WhiteElo "1799"]
[BlackElo "2042"]
[PlyCount "145"]
[EventDate "2017.??.??"]
[WhiteTeam "(vls) Stockheim Kronach"]
[BlackTeam "SC Bad Königshofen"]

1. d4 g6 2. Nc3 Bg7 3. e4 d6 4. Be3 Nf6 5. f3 Nc6 6. Qd2 e5 7. d5 Nb8 8. g4 h5
9. g5 Nfd7 10. h4 O-O 11. Bd3 a6 12. Nh3 b5 13. a3 Re8 14. O-O-O Nc5 15. Be2
Nbd7 16. Nf2 Nb6 17. Na2 Bd7 18. b3 Qe7 19. Nd3 Nxd3+ 20. Bxd3 Reb8 21. Qa5 Be8
22. Bf1 f5 23. Bh3 Qf8 24. Rdf1 f4 25. Bf2 Rb7 26. Rd1 Qe7 27. Rd3 Bf7 28. Nb4
Bf8 29. Rc3 Be8 30. Nc6 Qg7 31. Rd3 Bd7 32. Bxd7 Qxd7 33. Qc3 Kf7 34. Na5 Rbb8
35. Nc6 Rc8 36. Qd2 Be7 37. Rd1 Qh3 38. Rc3 Nd7 39. Qe2 Ke8 40. Rg1 Nf8 41. Na5
Nd7 42. Qe1 Nc5 43. Nc6 Nb7 44. Rh1 Qd7 45. Qe2 Nd8 46. Kb2 Nxc6 47. Rxc6 Rcb8
48. Qd2 a5 49. Qe2 Qc8 50. Qf1 Bd8 51. Qh3 Qxh3 52. Rxh3 Kd7 53. Rh1 Kc8 54.
Rd1 Kb7 55. Be1 Ra6 56. Rxa6 Kxa6 57. Rd3 b4 58. a4 Be7 59. Bf2 Rc8 60. Kc1 c6
61. dxc6 Rxc6 62. Kd2 Bd8 63. Rd5 Bc7 64. Rd3 Bb8 65. Rd5 Bc7 66. Rd3 Kb7 67.
Bg1 Kc8 68. Bf2 Kd7 69. Rd5 Ke6 70. Rd3 Bd8 71. Rd5 Rc3 72. Rd3 Rc8 73. Rd5
1/2-1/2

[Event "27. Schweinfurt Open"]
[Site "Schweinfurt"]
[Date "2017.06.15"]
[Round "2.8"]
[White "Gould, Charles"]
[Black "Roth, Jakob"]
[Result "0-1"]
[WhiteElo "2019"]
[BlackElo "1847"]
[PlyCount "90"]
[EventDate "2017.??.??"]
[WhiteTeam "SV Würzburg"]
[BlackTeam "Spvgg Stetten"]

1. f4 d5 2. b3 Nf6 3. Nf3 c5 4. e3 Nc6 5. Bb5 Bd7 6. Bb2 e6 7. O-O Bd6 8. d3
Qc7 9. Nbd2 O-O-O 10. Bxc6 Bxc6 11. Ne5 Ne8 12. c4 Bxe5 13. Bxe5 Qe7 14. Nf3 d4
15. Nxd4 cxd4 16. Bxd4 Kb8 17. a3 f6 18. b4 e5 19. fxe5 fxe5 20. Bc5 Qg5 21.
Qe2 b6 22. b5 Bb7 23. Bb4 Rxd3 24. Rae1 Be4 25. Rf7 Rxe3 26. Qb2 Rxe1+ 27. Bxe1
Nd6 28. h4 Qg4 29. Rf2 Qd1 30. Qb4 Rc8 31. Kh2 Nb7 32. Rf7 Qe2 33. Rxg7 Nc5 34.
Bc3 Qh5 35. Be1 Qh6 36. Rg5 Qf6 37. Bg3 Nd3 38. Qc3 Re8 39. Qd4 Bf5 40. Qd5 h6
41. Rg8 Rxg8 42. Qxg8+ Bc8 43. Qd5 Nf4 44. Qg8 Ne2 45. c5 Nxg3 0-1

[Event "27. Schweinfurt Open"]
[Site "Schweinfurt"]
[Date "2017.06.15"]
[Round "2.9"]
[White "Hertkorn, Dieter"]
[Black "Helm, Timo"]
[Result "0-1"]
[WhiteElo "1454"]
[BlackElo "2015"]
[PlyCount "60"]
[EventDate "2017.??.??"]
[WhiteTeam "(vls) Ulm"]
[BlackTeam "SC Bad Königshofen"]

1. e4 e6 2. d4 d5 3. e5 c5 4. Bb5+ Nc6 5. Bxc6+ bxc6 6. Ne2 Ba6 7. c3 Ne7 8.
Ng3 Ng6 9. Be3 Be7 10. Qd2 Rb8 11. b3 O-O 12. Ne2 cxd4 13. Nxd4 Qc7 14. f4 c5
15. Nf3 Rfd8 16. Qc1 Qa5 17. Kf2 Rbc8 18. Bd2 Qb6 19. g3 f6 20. Re1 fxe5 21.
Nxe5 Nxe5 22. fxe5 Rf8+ 23. Kg2 d4 24. c4 Bb7+ 25. Kh3 Qc6 26. Rg1 Qf3 27. Qd1
Qf5+ 28. g4 Qxe5 29. Rf1 Rxf1 30. Qxf1 Rf8 0-1

[Event "27. Schweinfurt Open"]
[Site "Schweinfurt"]
[Date "2017.06.15"]
[Round "2.10"]
[White "Reinl, Fred"]
[Black "Müller, Gerhard"]
[Result "1-0"]
[WhiteElo "1981"]
[BlackElo "1827"]
[PlyCount "71"]
[EventDate "2017.??.??"]
[WhiteTeam "SK Schweinfurt"]
[BlackTeam "SC Bad Königshofen"]

1. e4 g6 2. Nf3 d6 3. h3 Bg7 4. Bc4 e6 5. c3 Nc6 6. d4 Nce7 7. Qb3 a6 8. a4 Nh6
9. Bg5 O-O 10. Nbd2 Kh8 11. O-O Qd7 12. e5 d5 13. Bd3 Nhg8 14. Rfe1 b6 15. c4
dxc4 16. Bxc4 Bb7 17. Ne4 Nd5 18. Rac1 h6 19. Bh4 g5 20. Bg3 Bc6 21. Ra1 a5 22.
Bd3 Nb4 23. Bb1 Bd5 24. Qc3 Qc6 25. Qxc6 Bxc6 26. Rc1 Rac8 27. Ra3 Rfd8 28.
Rac3 Bxa4 29. Rxc7 Rxc7 30. Rxc7 f5 31. Nd6 Rd7 32. Rc8 Nd5 33. Nd2 f4 34. Bh2
Rc7 35. Rxc7 Nxc7 36. Nf7# 1-0

[Event "27. Schweinfurt Open"]
[Site "Schweinfurt"]
[Date "2017.06.15"]
[Round "2.11"]
[White "Boß, Rolf"]
[Black "Orf, Niklas"]
[Result "1-0"]
[WhiteElo "1969"]
[BlackElo "950"]
[PlyCount "45"]
[EventDate "2017.??.??"]
[WhiteTeam "(vls) Bamberg"]
[BlackTeam "SK Bad Neustadt"]

1. e4 d6 2. d4 Nf6 3. f3 Nbd7 4. c4 e5 5. d5 c6 6. Nc3 Be7 7. Be3 Qc7 8. Rc1 a6
9. Nh3 Nf8 10. Nf2 Ng6 11. g3 h6 12. Bg2 Nh7 13. h4 h5 14. Qd2 Bd7 15. b4 Rc8
16. c5 dxc5 17. bxc5 Qa5 18. d6 Bd8 19. Bh3 b6 20. Bxd7+ Kxd7 21. Nd3 Ke6 22.
d7 Rc7 23. Nf4+ 1-0

[Event "27. Schweinfurt Open"]
[Site "Schweinfurt"]
[Date "2017.06.15"]
[Round "2.12"]
[White "Kwossek, Martin"]
[Black "Golda, Harald"]
[Result "1/2-1/2"]
[WhiteElo "1632"]
[BlackElo "2277"]
[PlyCount "100"]
[EventDate "2017.??.??"]
[WhiteTeam "SC Kitzingen"]
[BlackTeam "SK Schweinfurt"]

1. d4 Nf6 2. Nf3 e6 3. Bf4 b6 4. e3 Bb7 5. c4 c5 6. Nc3 cxd4 7. exd4 Bb4 8. Bd3
O-O 9. Rc1 d5 10. O-O dxc4 11. Bxc4 Nbd7 12. a3 Bxc3 13. bxc3 Rc8 14. Bb5 a6
15. Be2 Nd5 16. Bd2 b5 17. Qb3 N5b6 18. Qb1 Nc4 19. Bxc4 Rxc4 20. Ng5 Nf6 21.
f3 h6 22. Ne4 e5 23. Nxf6+ Qxf6 24. Be3 Qc6 25. dxe5 Rxc3 26. Bd4 Rxc1 27. Rxc1
Qd5 28. Qb2 Rc8 29. Rxc8+ Bxc8 30. Qc3 Be6 31. h3 Qc4 32. Kf2 Qa2+ 33. Qb2 Kf8
34. Qxa2 Bxa2 35. Ke3 h5 36. h4 Ke7 37. g4 hxg4 38. fxg4 Ke6 39. Kf4 Bb3 40.
Bc5 f6 41. exf6 Kxf6 42. Bd4+ Kf7 43. Ke5 Bd1 44. Kf4 g6 45. Kg5 a5 46. Bc3 b4
47. axb4 axb4 48. Bxb4 Be2 49. h5 gxh5 50. gxh5 Bxh5 1/2-1/2

[Event "27. Schweinfurt Open"]
[Site "Schweinfurt"]
[Date "2017.06.15"]
[Round "2.13"]
[White "Seidens, Udo"]
[Black "Langguth, Rolf"]
[Result "1-0"]
[WhiteElo "2223"]
[BlackElo "1947"]
[PlyCount "73"]
[EventDate "2017.??.??"]
[WhiteTeam "SK Schweinfurt"]
[BlackTeam "SK Schweinfurt"]

1. c4 c5 2. Nc3 Nc6 3. g3 g6 4. Bg2 Bg7 5. a3 Nf6 6. Rb1 d6 7. b4 cxb4 8. axb4
O-O 9. Nf3 Bf5 10. d3 Qd7 11. b5 Ne5 12. Nxe5 dxe5 13. O-O Bh3 14. Bg5 Bxg2 15.
Kxg2 Ne8 16. Qc1 f6 17. Bh6 b6 18. h3 e6 19. Bxg7 Kxg7 20. f4 exf4 21. Qxf4 Nd6
22. g4 g5 23. Qg3 h5 24. Qf3 h4 25. Ra1 Rac8 26. Rf2 Rf7 27. e4 Rcf8 28. Qe3
Kg6 29. Raf1 Ne8 30. e5 fxe5 31. Rxf7 Rxf7 32. Rxf7 Kxf7 33. Ne4 Nf6 34. Nxg5+
Kg6 35. Nf3 Qd6 36. Qg5+ Kf7 37. Nxe5+ 1-0

[Event "27. Schweinfurt Open"]
[Site "Schweinfurt"]
[Date "2017.06.15"]
[Round "2.14"]
[White "Bräutigam, Thomas"]
[Black "Ley, Reinhard"]
[Result "1-0"]
[WhiteElo "2070"]
[BlackElo "1714"]
[PlyCount "85"]
[EventDate "2017.??.??"]
[WhiteTeam "SV Würzburg"]
[BlackTeam "SV Siershahn"]

1. d4 d5 2. c4 e6 3. Nf3 Nf6 4. g3 c6 5. Bg2 Bb4+ 6. Bd2 Qa5 7. O-O Nbd7 8. Qc2
dxc4 9. Qxc4 Bxd2 10. Nbxd2 Nb6 11. Qc2 Qh5 12. a4 Nbd7 13. a5 a6 14. Nc4 O-O
15. e4 Ne8 16. Nfe5 Qg5 17. Qb3 Qe7 18. Nxd7 Bxd7 19. Qxb7 Nd6 20. Qb4 Nc8 21.
Qc3 Rb8 22. Rfc1 Rd8 23. Bf1 Na7 24. Nb6 Nb5 25. Bxb5 cxb5 26. Qc7 Kf8 27. d5
Be8 28. Qc3 exd5 29. exd5 Qd6 30. b4 Rxb6 31. axb6 Qxb6 32. Rd1 Bd7 33. Rd2 Rc8
34. Qd3 Qh6 35. Qe3 Qf6 36. Rda2 Re8 37. Qc5+ Kg8 38. Rxa6 Qf3 39. Ra8 Qe2 40.
Rxe8+ Qxe8 41. Qc7 Bh3 42. Qc6 Bd7 43. Qxd7 1-0

[Event "27. Schweinfurt Open"]
[Site "Schweinfurt"]
[Date "2017.06.15"]
[Round "2.15"]
[White "Gehrig, Thomas"]
[Black "Eichenauer, Pascal"]
[Result "1-0"]
[WhiteElo "2051"]
[BlackElo "1769"]
[PlyCount "97"]
[EventDate "2017.??.??"]
[WhiteTeam "SC Maßbach"]
[BlackTeam "SV Würzburg"]

1. c4 e5 2. Nc3 Nf6 3. Nf3 Nc6 4. g3 d5 5. cxd5 Nxd5 6. Bg2 Nb6 7. a3 Be7 8.
O-O O-O 9. b4 a6 10. d3 Be6 11. Bb2 f5 12. Rc1 Qd7 13. Qd2 Rad8 14. Qc2 g5 15.
Nb1 Bf6 16. Rfd1 g4 17. Ne1 Bd5 18. e3 f4 19. Bxd5+ Qxd5 20. Nc3 Qf7 21. Ne4
fxe3 22. fxe3 Bg7 23. Ng2 Bh6 24. Rf1 Qd5 25. Qe2 Na4 26. Ba1 Bg7 27. Qd1 Rxf1+
28. Qxf1 Qb3 29. Qf5 Qxd3 30. Qxg4 Kh8 31. Re1 Qd7 32. Qh5 Qe8 33. Qh4 Qe7 34.
Qg4 Qd7 35. Qh5 Qe8 36. Qf3 Qe7 37. Nh4 Rf8 38. Nf5 Qe6 39. g4 Qf7 40. Rf1 Ne7
41. Neg3 c6 42. e4 Kg8 43. Qe3 Nxf5 44. exf5 h6 45. h4 Qc4 46. Ne4 Nb6 47. Qf3
Rd8 48. f6 Rd3 49. Qf5 1-0

[Event "27. Schweinfurt Open"]
[Site "Schweinfurt"]
[Date "2017.06.15"]
[Round "2.16"]
[White "Drewes, Thomas"]
[Black "Markert, Markus"]
[Result "0-1"]
[WhiteElo "1787"]
[BlackElo "1998"]
[PlyCount "84"]
[EventDate "2017.??.??"]
[WhiteTeam "SV Würzburg"]
[BlackTeam "SK Bad Neustadt"]

1. d4 d5 2. Bf4 Nf6 3. e3 Bf5 4. c4 e6 5. Nc3 Bd6 6. Bg3 Bxg3 7. hxg3 c6 8. Nf3
Nbd7 9. cxd5 exd5 10. Bd3 Bxd3 11. Qxd3 Qe7 12. Nd2 h6 13. O-O-O O-O-O 14. Qc2
Kb8 15. Kb1 Rhe8 16. Qf5 Nb6 17. Rh4 Ka8 18. Qc2 h5 19. Na4 Nxa4 20. Qxa4 g6
21. Rhh1 Ng4 22. Rhf1 Rd6 23. Nf3 Qe4+ 24. Qc2 Rf6 25. Rd2 a6 26. Kc1 Qe7 27.
Qc3 Re6 28. Re1 Nf6 29. Qc2 Ne4 30. Rde2 f6 31. Nd2 Nxd2 32. Qxd2 Re4 33. Kb1
f5 34. Qc2 Rg4 35. Rd1 h4 36. Rh1 hxg3 37. f3 Rxd4 38. Rh3 Rh4 39. Rxh4 Qxh4
40. Re1 Qe7 41. Qc3 Qe5 42. Kc2 d4 0-1

[Event "27. Schweinfurt Open"]
[Site "Schweinfurt"]
[Date "2017.06.15"]
[Round "2.17"]
[White "Bardorz, Stefan"]
[Black "Diller, Peter"]
[Result "0-1"]
[WhiteElo "1426"]
[BlackElo "1971"]
[PlyCount "74"]
[EventDate "2017.??.??"]
[WhiteTeam "TSV Rottendorf"]
[BlackTeam "SK Rothenburg"]

1. c4 e6 2. Nc3 d5 3. cxd5 exd5 4. e3 Nf6 5. g3 c6 6. Bg2 b6 7. Nf3 Ba6 8. d3
Nbd7 9. a3 Bd6 10. O-O O-O 11. Re1 Nc5 12. d4 Nd3 13. Re2 Nxc1 14. Rxc1 Bxe2
15. Nxe2 Rc8 16. b4 Qe7 17. Qa4 Qb7 18. Ne5 Bxe5 19. dxe5 Nd7 20. f4 b5 21. Qb3
Nb6 22. Rc5 Qd7 23. Nd4 Nc4 24. Bf1 Rc7 25. Bd3 g6 26. Be2 a6 27. Kg2 Ra8 28.
Qc3 Raa7 29. h3 a5 30. Bxc4 axb4 31. axb4 dxc4 32. e6 fxe6 33. Re5 Rc8 34. Rxe6
Re8 35. Rxc6 Qd5+ 36. Kf1 Qh1+ 37. Kf2 Ra2+ 0-1

[Event "27. Schweinfurt Open"]
[Site "Schweinfurt"]
[Date "2017.06.15"]
[Round "2.18"]
[White "Heller, Thomas"]
[Black "Korff, Udo"]
[Result "1-0"]
[WhiteElo "1783"]
[BlackElo "1664"]
[PlyCount "111"]
[EventDate "2017.??.??"]
[WhiteTeam "SV Bergtheim"]
[BlackTeam "(vls) Pettstadt/Kirchlauter"]

1. d4 d5 2. Nf3 Nf6 3. e3 Bg4 4. Nbd2 Nbd7 5. Bd3 e5 6. dxe5 Nxe5 7. Be2 Nxf3+
8. Nxf3 Bd6 9. O-O h5 10. Nd4 g6 11. h3 Bd7 12. b3 g5 13. Bb2 g4 14. h4 Rg8 15.
g3 Ne4 16. Nb5 Bxb5 17. Bxb5+ c6 18. Bd3 Nxg3 19. fxg3 Bxg3 20. Bf6 Qd6 21. Qe2
Kd7 22. Rad1 Rae8 23. Bh7 Rgf8 24. Bg7 Kc7 25. Bxf8 Rxf8 26. c4 Bxh4 27. Qg2
Qh6 28. Qh2+ Kb6 29. Qxh4 Qxh7 30. c5+ Ka6 31. Qe1 b6 32. Rf4 g3 33. Qf1+ Kb7
34. Qh3 f5 35. cxb6 axb6 36. Rdf1 Qg6 37. Kg2 Re8 38. Qxf5 Qxf5 39. Rxf5 Rxe3
40. Rxh5 Re2+ 41. Kxg3 Rxa2 42. Rf4 Ra3 43. Rh7+ Ka6 44. Ra4+ Rxa4 45. bxa4 Ka5
46. Ra7+ Kb4 47. Kf3 c5 48. Ke3 c4 49. Kd4 c3 50. Rc7 Kxa4 51. Rxc3 b5 52. Kxd5
b4 53. Rc1 Ka3 54. Kc4 Kb2 55. Re1 Ka3 56. Rb1 1-0

[Event "27. Schweinfurt Open"]
[Site "Schweinfurt"]
[Date "2017.06.15"]
[Round "2.19"]
[White "Brätz, Yannick"]
[Black "Englert, Fred"]
[Result "0-1"]
[WhiteElo "1372"]
[BlackElo "1781"]
[PlyCount "104"]
[EventDate "2017.??.??"]
[WhiteTeam "SK Schweinfurt"]
[BlackTeam "SK Klingenberg"]

1. d4 d5 2. Bf4 g6 3. e3 Bg7 4. Bd3 Nf6 5. c4 c6 6. Nc3 O-O 7. b3 Nbd7 8. h3 b6
9. cxd5 cxd5 10. Rc1 Bb7 11. Nge2 Rc8 12. O-O Re8 13. Nb5 e5 14. Nd6 Rxc1 15.
Qxc1 exf4 16. Nxe8 Nxe8 17. Nxf4 Qb8 18. Qc3 Bf8 19. Rc1 Bd6 20. Ne2 Nef6 21.
Qc2 Kg7 22. Nc3 Ba3 23. Rb1 Be7 24. Rc1 a6 25. a4 Ba3 26. Rb1 Bb4 27. Na2 Bd6
28. Nc3 Qa8 29. b4 Qf8 30. Qb3 Bb8 31. a5 b5 32. Be2 Qd6 33. Bf3 h5 34. Kf1 g5
35. Ke1 g4 36. hxg4 hxg4 37. Be2 Qh2 38. Bf1 Qh7 39. g3 Qf5 40. Ne2 Ne4 41. Nf4
Ndf6 42. Rb2 Nd6 43. Bg2 Nc4 44. Rc2 Qd7 45. Nd3 Qe8 46. Nf4 Ne4 47. Kd1 f5 48.
Ke1 Kh6 49. Kd1 Bd6 50. f3 Nxg3 51. fxg4 Nxe3+ 52. Kd2 Bxf4 0-1

[Event "27. Schweinfurt Open"]
[Site "Schweinfurt"]
[Date "2017.06.15"]
[Round "2.20"]
[White "Völker, Joachim"]
[Black "Kaptan, Cagatay"]
[Result "1/2-1/2"]
[WhiteElo "1772"]
[BlackElo "1500"]
[PlyCount "42"]
[EventDate "2017.??.??"]
[WhiteTeam "SK Schweinfurt"]
[BlackTeam "(vls) Schweinfurt"]

1. e4 c5 2. Nf3 d6 3. Bb5+ Bd7 4. Bxd7+ Qxd7 5. d4 cxd4 6. Nxd4 Nf6 7. Nc3 a6
8. O-O g6 9. f3 Bg7 10. Bg5 O-O 11. Bxf6 Bxf6 12. Nd5 Bxd4+ 13. Qxd4 Nc6 14.
Qd2 b5 15. Nb6 Qa7 16. Qf2 Rad8 17. Nd5 Qb7 18. Rfd1 f5 19. Qe2 Qa7+ 20. Kh1
Rde8 21. exf5 Rxf5 1/2-1/2

[Event "27. Schweinfurt Open"]
[Site "Schweinfurt"]
[Date "2017.06.15"]
[Round "2.21"]
[White "Brux, Jürgen"]
[Black "Roth, Ludwig"]
[Result "1-0"]
[WhiteElo "1743"]
[BlackElo "1425"]
[PlyCount "49"]
[EventDate "2017.??.??"]
[WhiteTeam "DT Männerstadt"]
[BlackTeam "Spvgg Stetten"]

1. d4 Nf6 2. c4 g6 3. Nf3 Bg7 4. g3 O-O 5. Bg2 d6 6. O-O Nbd7 7. Nc3 e5 8. e4
exd4 9. Nxd4 Re8 10. Re1 Qe7 11. h3 Nc5 12. Qc2 Nfxe4 13. Nxe4 Bxd4 14. Bg5 Qf8
15. Nxc5 Bxc5 16. Qd2 c6 17. Bh6 Rxe1+ 18. Rxe1 Qd8 19. b4 Bb6 20. c5 Bc7 21.
Qc3 f6 22. cxd6 Bxd6 23. Qc4+ Kh8 24. Qf7 Qg8 25. Re8 1-0

[Event "27. Schweinfurt Open"]
[Site "Schweinfurt"]
[Date "2017.06.15"]
[Round "2.22"]
[White "Leichum, Engelbert"]
[Black "Memmel, Stefan"]
[Result "1-0"]
[WhiteElo "1688"]
[BlackElo "1240"]
[PlyCount "73"]
[EventDate "2017.??.??"]
[WhiteTeam "(vls) Frankfurt"]
[BlackTeam "SK Schweinfurt"]

1. e4 e6 2. d4 d5 3. e5 c5 4. c3 Nc6 5. Nf3 h6 6. Bd3 cxd4 7. cxd4 Bb4+ 8. Bd2
Qb6 9. O-O Bxd2 10. Qxd2 Bd7 11. Nc3 a6 12. a3 Nxd4 13. Nxd4 Qxd4 14. Rfe1 g5
15. b4 Ne7 16. b5 Ng6 17. g3 Nxe5 18. Rxe5 Qxe5 19. Re1 Qd4 20. bxa6 bxa6 21.
Re3 O-O 22. Bh7+ Kxh7 23. Qxd4 Rfc8 24. Qf6 Be8 25. Ne2 Rab8 26. h4 Rb1+ 27.
Kg2 gxh4 28. Nf4 d4 29. Nh5 Bc6+ 30. Rf3 Bxf3+ 31. Kxf3 Rg8 32. Qxf7+ Kh8 33.
Nf6 Rxg3+ 34. fxg3 Rf1+ 35. Kg2 Rxf6 36. Qxf6+ Kg8 37. Qxh6 1-0

[Event "27. Schweinfurt Open"]
[Site "Schweinfurt"]
[Date "2017.06.15"]
[Round "2.23"]
[White "Köhler, Michael"]
[Black "Engelbrecht, Klaus"]
[Result "1-0"]
[WhiteElo "1229"]
[BlackElo "1596"]
[PlyCount "89"]
[EventDate "2017.??.??"]
[WhiteTeam "SC Prichsenstadt"]
[BlackTeam "SK Bad Neustadt"]

1. d4 e6 2. c4 Nf6 3. Nf3 Bb4+ 4. Bd2 Bxd2+ 5. Nbxd2 d6 6. g3 Bd7 7. Bg2 c6 8.
O-O Qc7 9. e4 Na6 10. e5 Ng8 11. Ne4 O-O-O 12. Nxd6+ Kb8 13. Nxf7 Ne7 14. Nxh8
Rxh8 15. Rb1 h6 16. b4 Qc8 17. a4 g5 18. Qb3 g4 19. Nd2 Nf5 20. Qb2 h5 21. h4
gxh3 22. Bxh3 Qg8 23. Ne4 h4 24. Nf6 Qg7 25. Nxd7+ Qxd7 26. Bxf5 exf5 27. b5
Qh7 28. bxa6 b6 29. f4 hxg3 30. Qg2 Qf7 31. Qxc6 Rh2 32. Qb7+ Qxb7 33. axb7
Kxb7 34. Rfe1 Rf2 35. Rf1 Re2 36. Rbe1 Rh2 37. e6 Rh8 38. e7 Re8 39. Kg2 Ka6
40. Kxg3 Ka5 41. Re5+ Kxa4 42. Ra1+ Kb4 43. Rxa7 Kxc4 44. Rxf5 Kxd4 45. Rf8 1-0

[Event "27. Schweinfurt Open"]
[Site "Schweinfurt"]
[Date "2017.06.15"]
[Round "2.24"]
[White "Grasmik, Waldemar"]
[Black "Roth, Claudia"]
[Result "1-0"]
[WhiteElo "1571"]
[BlackElo "1063"]
[PlyCount "105"]
[EventDate "2017.??.??"]
[WhiteTeam "(vls) Bad Kissingen"]
[BlackTeam "Spvgg Stetten"]

1. e4 c5 2. d4 cxd4 3. c3 Nf6 4. e5 Nd5 5. cxd4 e6 6. a3 a5 7. g3 Nc6 8. Bg2 d6
9. Nf3 dxe5 10. Nxe5 Nxe5 11. dxe5 Bc5 12. O-O O-O 13. Kh1 b5 14. f4 Bb7 15.
Qc2 Qb6 16. h4 Rac8 17. Qe2 Be3 18. Nd2 Rc2 19. Be4 Nc3 20. Qd3 Bxe4+ 21. Nxe4
Nxe4 22. Qxe4 Re2 23. Qf3 Rf2 24. Bxe3 Rxf3 25. Bxb6 Rxg3 26. Kh2 Rb3 27. Rf2
a4 28. Bc5 Rd8 29. Bd6 f6 30. Rc1 Kf7 31. Rc7+ Kg6 32. Rg2+ Kf5 33. Rcxg7 h6
34. R7g6 fxe5 35. fxe5 Rxb2 36. Rf6+ Ke4 37. Rxb2 Rc8 38. Rxh6 Rg8 39. Rxe6 Kf3
40. Rf6+ Ke4 41. Kh3 Kd5 42. Rxb5+ Kc4 43. Rb4+ Kd5 44. Rxa4 Rg1 45. Kh2 Rc1
46. h5 Rc8 47. h6 Rh8 48. Kh3 Rg8 49. Kh4 Rg1 50. Rg4 Rh1+ 51. Kg5 Kc6 52. Kg6
Kd7 53. Kg7 1-0

[Event "27. Schweinfurt Open"]
[Site "Schweinfurt"]
[Date "2017.06.15"]
[Round "2.25"]
[White "Chen, Jiwei"]
[Black "Schwarz, Dominik"]
[Result "0-1"]
[WhiteElo "954"]
[BlackElo "1564"]
[PlyCount "46"]
[EventDate "2017.??.??"]
[WhiteTeam "SK Schweinfurt"]
[BlackTeam "SC Prichsenstadt"]

1. e4 c6 2. d4 d5 3. e5 Bf5 4. Nc3 e6 5. h3 h6 6. Nf3 c5 7. Be3 cxd4 8. Bxd4
Nc6 9. Ne2 Nb4 10. Ng3 Nxc2+ 11. Ke2 Nxa1 12. Nxf5 exf5 13. Qxa1 Ne7 14. Ke1 a6
15. Bd3 Qa5+ 16. Bc3 Qc5 17. b4 Qc7 18. Qd1 Qxc3+ 19. Qd2 Qxd2+ 20. Kxd2 Rc8
21. b5 axb5 22. Bxb5+ Nc6 23. Re1 Bb4+ 0-1

[Event "27. Schweinfurt Open"]
[Site "Schweinfurt"]
[Date "2017.06.15"]
[Round "2.26"]
[White "Bardorz, Jana"]
[Black "Cinar, Orhan"]
[Result "1-0"]
[WhiteElo "1540"]
[BlackElo "700"]
[PlyCount "37"]
[EventDate "2017.??.??"]
[WhiteTeam "TSV Rottendorf"]
[BlackTeam "(vls) Schweinfurt"]

1. e4 e6 2. d4 h5 3. Bd3 Nf6 4. Bg5 Nc6 5. e5 Be7 6. exf6 gxf6 7. Be3 e5 8. Ne2
d6 9. Nbc3 f5 10. d5 Nb8 11. f3 b6 12. Qd2 Rg8 13. O-O-O Rxg2 14. Rdg1 Rxg1+
15. Rxg1 Bf8 16. Bh6 f4 17. Rg8 Nd7 18. Bb5 a6 19. Rxf8+ 1-0